<?xml version="1.0" encoding="UTF-8"?>
<record
    xmlns:xsi="http://www.w3.org/2001/XMLSchema-instance"
    xsi:schemaLocation="http://www.loc.gov/MARC21/slim http://www.loc.gov/standards/marcxml/schema/MARC21slim.xsd"
    xmlns="http://www.loc.gov/MARC21/slim">

  <leader>00668nam a22001337a 4500</leader>
  <datafield tag="040" ind1=" " ind2=" ">
    <subfield code="c">RUA</subfield>
  </datafield>
  <datafield tag="082" ind1=" " ind2=" ">
    <subfield code="a">AGE MEA 2018 B659 Or.1</subfield>
  </datafield>
  <datafield tag="100" ind1=" " ind2=" ">
    <subfield code="a">MEAN CHAN MAKARA,&#x1798;&#x17B6;&#x1793; &#x1785;&#x1793;&#x17D2;&#x1791;&#x1798;&#x1780;&#x179A;&#x17B6;</subfield>
  </datafield>
  <datafield tag="245" ind1=" " ind2=" ">
    <subfield code="a">effects of direct seeder equipped with two-wheel tractor on growth and yield of sen pidor rice variety, &#x17A5;&#x1791;&#x17B7;&#x17D2;&#x1792;&#x1796;&#x179B;&#x1793;&#x17C3;&#x17A7;&#x1794;&#x1780;&#x179A;&#x178E;&#x17CD;&#x178A;&#x17B6;&#x17C6;&#x1782;&#x17D2;&#x179A;&#x17B6;&#x1794;&#x17CB;&#x1794;&#x17C6;&#x1796;&#x17B6;&#x1780;&#x17CB;&#x1787;&#x17B6;&#x1798;&#x17BD;&#x1799;&#x1782;&#x17C4;&#x1799;&#x1793;&#x17D2;&#x178F;&#x179B;&#x17BE;&#x1780;&#x17B6;&#x179A;&#x179B;&#x17BC;&#x178F;&#x179B;&#x17B6;&#x179F;&#x17CB;&#x1793;&#x17B7;&#x1784;&#x1791;&#x17B7;&#x1793;&#x17D2;&#x1793;&#x1795;&#x179B;&#x179F;&#x17D2;&#x179A;&#x17BC;&#x179C;&#x1796;&#x17BC;&#x1787;&#x179F;&#x17C2;&#x1793;&#x1796;&#x17B7;&#x178A;&#x17C4;&#x179A;</subfield>
  </datafield>
  <datafield tag="260" ind1=" " ind2=" ">
    <subfield code="a">phnom penh</subfield>
    <subfield code="b">RUA</subfield>
    <subfield code="c">2018</subfield>
  </datafield>
  <datafield tag="300" ind1=" " ind2=" ">
    <subfield code="a">xi;51p;</subfield>
    <subfield code="b">ill;</subfield>
    <subfield code="c">29cm;</subfield>
  </datafield>
  <datafield tag="856" ind1=" " ind2=" ">
    <subfield code="u">MEAN CHAN MAKARA</subfield>
  </datafield>
  <datafield tag="942" ind1=" " ind2=" ">
    <subfield code="c">AGE</subfield>
  </datafield>
  <datafield tag="999" ind1=" " ind2=" ">
    <subfield code="c">19138</subfield>
    <subfield code="d">19138</subfield>
  </datafield>
  <datafield tag="952" ind1=" " ind2=" ">
    <subfield code="0">0</subfield>
    <subfield code="1">0</subfield>
    <subfield code="2">ddc</subfield>
    <subfield code="4">0</subfield>
    <subfield code="6">AGE_MEA_2018_000000000000000_B659_OR_1</subfield>
    <subfield code="7">0</subfield>
    <subfield code="9">84020</subfield>
    <subfield code="a">LBB</subfield>
    <subfield code="b">LBB</subfield>
    <subfield code="c">B659</subfield>
    <subfield code="d">2020-04-27</subfield>
    <subfield code="o">AGE MEA 2018 B659 Or.1</subfield>
    <subfield code="p">A063911</subfield>
    <subfield code="r">2020-04-27</subfield>
    <subfield code="w">2020-04-27</subfield>
    <subfield code="y">AGE</subfield>
  </datafield>
  <datafield tag="952" ind1=" " ind2=" ">
    <subfield code="0">0</subfield>
    <subfield code="1">0</subfield>
    <subfield code="2">ddc</subfield>
    <subfield code="4">0</subfield>
    <subfield code="6">AGE_MEA_2018_000000000000000_B659_OR_2</subfield>
    <subfield code="7">0</subfield>
    <subfield code="9">84021</subfield>
    <subfield code="a">LBB</subfield>
    <subfield code="b">LBB</subfield>
    <subfield code="c">B659</subfield>
    <subfield code="d">2020-04-27</subfield>
    <subfield code="o">AGE MEA 2018 B659 Or.2</subfield>
    <subfield code="p">A42271</subfield>
    <subfield code="r">2020-04-27</subfield>
    <subfield code="w">2020-04-27</subfield>
    <subfield code="y">AGE</subfield>
  </datafield>
  <datafield tag="952" ind1=" " ind2=" ">
    <subfield code="0">0</subfield>
    <subfield code="1">0</subfield>
    <subfield code="2">ddc</subfield>
    <subfield code="4">0</subfield>
    <subfield code="6">AGE_MEA_2018_000000000000000_B659_OR_3</subfield>
    <subfield code="7">0</subfield>
    <subfield code="9">84022</subfield>
    <subfield code="a">LBB</subfield>
    <subfield code="b">LBB</subfield>
    <subfield code="c">B659</subfield>
    <subfield code="d">2020-04-27</subfield>
    <subfield code="o">AGE MEA 2018 B659 Or.3</subfield>
    <subfield code="p">A44370</subfield>
    <subfield code="r">2020-04-27</subfield>
    <subfield code="w">2020-04-27</subfield>
    <subfield code="y">AGE</subfield>
  </datafield>
  <datafield tag="952" ind1=" " ind2=" ">
    <subfield code="0">0</subfield>
    <subfield code="1">0</subfield>
    <subfield code="2">ddc</subfield>
    <subfield code="4">0</subfield>
    <subfield code="6">AGE_MEA_2018_000000000000000_B659_OR_4</subfield>
    <subfield code="7">0</subfield>
    <subfield code="9">84023</subfield>
    <subfield code="a">LBB</subfield>
    <subfield code="b">LBB</subfield>
    <subfield code="c">B659</subfield>
    <subfield code="d">2020-04-27</subfield>
    <subfield code="l">1</subfield>
    <subfield code="o">AGE MEA 2018 B659 Or.4</subfield>
    <subfield code="p">A44094</subfield>
    <subfield code="r">2023-03-17</subfield>
    <subfield code="s">2023-02-15</subfield>
    <subfield code="w">2020-04-27</subfield>
    <subfield code="y">AGE</subfield>
  </datafield>
  <datafield tag="952" ind1=" " ind2=" ">
    <subfield code="0">0</subfield>
    <subfield code="1">0</subfield>
    <subfield code="2">ddc</subfield>
    <subfield code="4">0</subfield>
    <subfield code="6">AGE_MEA_2018_000000000000000_B659_OR_5</subfield>
    <subfield code="7">0</subfield>
    <subfield code="9">84024</subfield>
    <subfield code="a">LBB</subfield>
    <subfield code="b">LBB</subfield>
    <subfield code="c">B659</subfield>
    <subfield code="d">2020-04-27</subfield>
    <subfield code="l">1</subfield>
    <subfield code="o">AGE MEA 2018 B659 Or.5</subfield>
    <subfield code="p">A44260</subfield>
    <subfield code="r">2023-02-17</subfield>
    <subfield code="s">2023-01-16</subfield>
    <subfield code="w">2020-04-27</subfield>
    <subfield code="y">AGE</subfield>
  </datafield>
  <datafield tag="952" ind1=" " ind2=" ">
    <subfield code="0">0</subfield>
    <subfield code="1">0</subfield>
    <subfield code="2">ddc</subfield>
    <subfield code="4">0</subfield>
    <subfield code="6">AGE_MEA_2018_000000000000000_B659_OR_6</subfield>
    <subfield code="7">0</subfield>
    <subfield code="9">84025</subfield>
    <subfield code="a">LBB</subfield>
    <subfield code="b">LBB</subfield>
    <subfield code="c">B659</subfield>
    <subfield code="d">2020-04-27</subfield>
    <subfield code="l">3</subfield>
    <subfield code="o">AGE MEA 2018 B659 Or.6</subfield>
    <subfield code="p">A063727</subfield>
    <subfield code="r">2020-09-09</subfield>
    <subfield code="s">2020-09-07</subfield>
    <subfield code="w">2020-04-27</subfield>
    <subfield code="y">AGE</subfield>
  </datafield>
</record>
